000 00642nam a22001817a 4500
005 20130710160335.0
010 _aENG-107939
020 _c450.00
_a9789350353028
035 _aEN-91472
037 _bDBAD/PUB
100 _aGupta,S.N.
245 0 0 _aDishonour of cheques :
_cby S.N. Gupta
_bLiability-Civil & Criminal with case law ready refrencer and model forms of notice and complaint /
250 _a7th ed
260 _aDelhi
_bUniversal Law Publishing Co.
_c2013
270 _aC-FF-1A, Dilkhus Industrial Estate, (Near Azadpur Metro Station) G.T. Karnal Road,
_bDelhi
_e110033
300 _aliii,416p.
_c24cm(pbk)
942 _2ddc
_cEN
_mGUP
999 _c77378
_d77378